Statystyki dla Do którego państwa pasuje ten opis

Kliknij tutaj aby rozwiązać quiz!

Ogólne statystyki

  • Ten quiz został rozwiązany 55 razy
  • Średni wynik to 6 z 10

Statystyki odpowiedzi

OpisPaństwo% Poprawnych
Jedyne państwo na świecie, które zaczyna się na literę VVanuatu
85%
Rdzennymi mieszkańcami tego państwa są AborygeniAustralia
83%
Jedyny kraj Australii i Oceanii, który graniczy z innym państwemPapua-Nowa Gwinea
68%
Istnieje także AmerykańskieSamoa
57%
Jedną z wysp należących do tego państwa jest Kiritimati. Na tej wyspie znajdują się takie miejscowości jak: Poland, Banana, Paris (opuszczona) czy LondonKiribati
53%
Aż 61% mieszkańców tego państwa jest otyłe. Jest to najwyższy wynik na całym świecieNauru
49%
Terytoria zależne tego państwa to min. Niue czy Wyspy CookaNowa Zelandia
49%
Państwo, które dwa razy zdobyło złoto w rugby 7 na Igrzyskach OlimpijskichFidżi
40%
Stolicą tego państwa jest NgerulmudPalau
36%
Flaga tego kraju jako jedyna na kontynencie posiada kolor pomarańczowyWyspy Marshalla
30%

Rozkład punktacji

Percentyl według liczby udzielonych odpowiedzi

Procent ludzi z każdym wynikiem

Twoja historia wyników

Nie rozwiązałeś tego quizu